000 00556nam a22001937a 4500
003 OSt
005 20140310181756.0
008 130629t xxu||||| |||| 00| 0 eng d
020 _a9719159545
050 _aBX 4655.3
_b.P669 1997
082 _aFIL 920
_bP66 1997
245 _aMy first book of saints /
_cFr. Paolo O. Pirlo
260 _aParaƱaque, Philippines :
_b Sons of holy Mary Immaculate Quality Catholic Pub,
_c1997.
300 _a320 p.
_bcol. : ill. ;
_c15 cm.
521 _a
541 _j1
562 _e1
942 _2lcc
_cBK-FIL
_kFIL
999 _c3431
_d3431